Quizzes
Events
Quiz Creation
Community
Videos
Private Events
Remove Ads
Sign In
Join for FREE
Feedback
Dark Mode
Quiz Categories
Sports
Geography
Music
Movies
Television
Just For Fun
Miscellaneous
History
Literature
Language
Science
Gaming
Entertainment
Religion
Holiday
For Kids
Quiz Lab
Recent
Popular Today
Quiz Kudos Today
Editor Picks
Curator Picks
Quizzes by...
Day
Popularity
Type
Ratings
Length
Year
Community
Subscriptions
Recent Discussions
Orange Saloon
Badges
Playlists
Quests
Create
Leaderboards
Showdown
Live 5
Trivia Bingo
Activity
Puzzle Library
Sporcle Events
Private Events
Virtual Trivia
Globe League
Become a Host
Pub Owners
SporcleCon
Opinionation
Our Games
Videos
Blog
Mobile Apps
Partnerships
Remove Ads and Go Orange
Feedback
Gaming
Video Games
Board Games
Card Games
Pokémon
Mario
Nintendo
Minecraft
Console
Toys
Legend of Zelda
Gaming
Video Games
Board Games
Card Games
Pokémon
Mario
Nintendo
Minecraft
Console
Toys
Legend of Zelda
Random Quiz
Search Sporcle
×
Quiz Lab
Quiz Lab
Gaming
Alphabet
Type in answers that appear in a list
Type in answers that appear in a list
Classic
Best Score? Go Orange.
Minecraft alphbet Stats
Can you name the minecraft alphabet?
By
Mikemolly
10m
24 Questions
54 Plays
54 Plays
54 Plays
Comments
Comments
Give Quiz Kudos
Give Quiz Kudos
-
- Ratings
hide this ad
More Info
Replay
Link that replays current quiz
Next Quiz
Link to next quiz in quiz playlist
You Got
0%
They Got
Avg Score
21%
Avg Friend Score
Upgrade to see
Score Distribution
Jump to the score distribution portion of the page
Score
0/24
Timer
10:00
0
Plays Today
letter
Answer
% Correct
a
apple
92.6%
b
boat
57.4%
d
diamond
48.1%
c
cake
38.9%
e
entity
33.3%
h
hoe
29.6%
f
furnace
27.8%
i
iron
27.8%
g
granite
24.1%
l
lava
18.5%
n
nether
16.7%
j
Jukebox
14.8%
letter
Answer
% Correct
o
ore
13%
q
quartz
13%
r
redstone
13%
s
stone
11.1%
w
water
11.1%
m
mining
7.4%
p
potato
7.4%
t
torch
5.6%
u
update
1.9%
x
xp
1.9%
y
yellow flower
1.9%
z
zambies
1.9%
Quiz Playlist
Details
Report
Send in Message
Add To Playlist
More Info:
first game ever
Classic:
Type in answers that appear in a list
Last Updated: Jun 27, 2017
Quiz Scoreboard
CHALLENGE
Sign Up to Join the Scoreboard
Show All
Scores
Hide
Comments
May contain spoilers
Recently Published
TV Characters by Other Roles V
by ghcgh
Television
5m
Decade Duel: World Leaders
by jenniferyan
History
4m
Alphabetical 'K' Countries by Flag Minefield
by ylime102
Geography
3m
More to Explore
Quiz From the Vault
Featured Blog Post
15 Basketball Trivia Facts You Can Be March Mad About
hide this ad
You Might Also Like...
Tags
Alphabet Quiz
Letter Quiz
Minecraft Quiz
Today's Top Quizzes in Gaming
Browse Gaming
hide this ad
Today's Top Quizzes in Alphabet
Browse Alphabet
Top Contributed Quizzes in Gaming
1
Pokémon Gen IV Logic Puzzle (HARD)
2
HARD Pokemon Logic Puzzle
3
Rainbow Six Siege Operators by Picture
4
Genshin Impact Logic Puzzle
5
Order Genshin Impact characters by release date!
6
Honkai: Star Rail Technique Names Quiz
7
The Slinky Quiz
8
Persona 4 & 5 Social Link / Confidant Minefield
9
Mega Man or Metal Gear
10
Magic: the Gathering Set Symbols - LCI
Explore More
Trending Topics
Anime
Marvel
Kpop
Crossword
NBA
Disney
Harry Potter
The Office
Soccer
Puzzle
Country
WWE
Song
NFL
Pokémon
hide this ad
More By:
Mikemolly
Quiz
Plays
Rating
Category
Featured
Created
minecraft alphbet
54
2.00
Gaming
Apr 28, 2016
Go to Creator's Profile
Score Distribution
Quiz Creator Spotlight
Mikemolly
Follow
Send a Message
Quizzes Created
-
Created Quiz Play Count
-
More By This Creator
Popular Quizzes Today
1
Countries of Asia Without Outlines Minefield
2
Find the US States - No Outlines Minefield
3
Pick 6: Fruits
4
The Countries of the World
5
Find the Countries of Europe - No Outlines Minefield
6
Alphabetical 'K' Countries by Flag Minefield
7
Find the US States
8
US States
More Gaming Quizzes
All CSGO Items
Quiz Lab
Trending Quizzes
Pick 6: Mountains
Pick 6: Harry Potter
Pick 6: NFL Teams
Pick 6: Flags
C Names for Actors
Recently Updated
Adaptations: Name the Title
pecheneg
NWSL Teams
pecheneg
Women's Final Four Teams by Year
bhenderson79
Presidents Quartet II
eogle
Anything But Clue(do)
eogle
Anything But Oceanian Capitals
eogle
Anything But 7
eogle
Anything But Thing
eogle
Word Ladder: February 29
pecheneg
Song Title Questions
pecheneg
Trending Topics
Anime
Harry Potter
Disney
Kpop
NBA
Crossword
Marvel
Puzzle
Song
Pokémon
Soccer
The Office
WWE
Country
NFL
Your Account Isn't Verified!
In order to create a playlist on Sporcle, you need to verify the email address you used during registration. Go to your
Sporcle Settings
to finish the process.
Report this User
Report this user for behavior that violates our
Community Guidelines
.
Details:
Send Report
Go to the Sporcle.com Mobile Site →
Comments